|
|
|
|
| LEADER |
01274nam a2200253 u 4500 |
| 001 |
10063655 |
| 003 |
upatras |
| 005 |
20210117201218.0 |
| 008 |
070910s2007 gr gre |
| 020 |
|
|
|a 9789606716034
|
| 040 |
|
|
|a GR-PaULI
|c GR-PaULI
|
| 041 |
0 |
|
|a gre
|
| 082 |
0 |
4 |
|a 938.72
|
| 100 |
1 |
|
|a Φεσσόπουλος, Γ. Θ.
|9 56499
|
| 245 |
1 |
0 |
|a Αι διχόνοιαι των αξιωματικών μας και η διάλυσις του στρατού μας εν Μ. Ασία
|c Γ. Θ. Φεσσόπουλου, υποστράτηγου ε.α.
|
| 260 |
|
|
|a Αθήνα
|b Ελεύθερη σκέψις
|c 2007
|
| 300 |
|
|
|a 204 σ.
|c 24 εκ.
|
| 500 |
|
|
|a Η παρούσα έκδοσις είναι ακριβής φωτογραφική επανατύπωσις της εκδόσεως του 1934
|
| 651 |
|
4 |
|9 4007
|a Ελλάδα
|x Ιστορία
|y Μικρασιατική εκστρατεία, 1919-1922
|
| 852 |
|
|
|a GR-PaULI
|b ΠΑΤΡΑ
|b ΒΚΠ
|b ΑΝΤ
|k ΟΧΙΔ
|h 938.72 ΦΕΣ
|m 090425
|p 025000160481
|t 1
|
| 942 |
|
|
|2 ddc
|c BKN
|
| 952 |
|
|
|0 0
|1 0
|4 0
|6 938_720000000000000_ΦΕΣ
|7 0
|9 62381
|a LISP
|b LISP
|c DON
|d 2016-04-24
|i 090425
|l 0
|o 938.72 ΦΕΣ
|p 025000160481
|r 2016-04-24 00:00:00
|t 1
|w 2016-04-24
|y BKN
|
| 998 |
|
|
|c ΛΑΜΠΡΟΠΟΥΛΟΥ
|d 2007-09
|
| 999 |
|
|
|c 39973
|d 39973
|